LEADER 01083nam--2200385---450- 001 990000665910203316 005 20090324093329.0 010 $a2-912969-16-6 035 $a0066591 035 $aUSA010066591 035 $a(ALEPH)000066591USA01 035 $a0066591 100 $a20011004d2000----km-y0itay0103----ba 101 0 $afre 102 $aFR 105 $a||||||||001yy 200 1 $aEmpire$fMichael Hardt, Antonio Negri$gtraduit de l'americain par Denis Canal 210 $aParis$cExils$d2000 215 $a559 p.$d21 cm 410 0$12001 606 $aImperialismo 676 $a325.3209045 700 1$aHARDT,$bMichael$0148172 701 1$aNEGRI,$bAntonio$045038 801 0$aIT$bsalbc$gISBD 912 $a990000665910203316 951 $a325.32 HAR 1 (ISP IV 963)$b29650 G.$cISP IV$d00074428 959 $aBK 969 $aGIU 979 $aCHIARA$b40$c20011004$lUSA01$h1342 979 $c20020403$lUSA01$h1716 979 $aPATRY$b90$c20040406$lUSA01$h1646 979 $aRSIAV5$b90$c20090324$lUSA01$h0933 996 $aEmpire$915518 997 $aUNISA LEADER 01533nas 2200493-a 450 001 996203070503316 005 20230123213018.0 011 $a2233-8241 035 $a(DE-599)ZDB2653899-4 035 $a(OCoLC)781444344 035 $a(CKB)2560000000076763 035 $a(CONSER)--2012250687 035 $a(EXLCZ)992560000000076763 100 $a20120323a20119999 --- - 101 0 $aeng 135 $aur||||||||||| 181 $ctxt$2rdacontent 182 $cc$2rdamedia 183 $acr$2rdacarrier 200 00$aClinical and experimental reproductive medicine 210 $a[Seoul] $cKorean Society for Reproductive Medicine$d2011- 300 $aRefereed/Peer-reviewed 311 $a2233-8233 517 1 $aCERM 517 1 $aClin exp reprod med 531 $aCLIN EXP REPROD MED 606 $aReproductive health$vPeriodicals 606 $aReproductive Physiological Phenomena 606 $aReproductive Techniques 606 $aReproductive health$2fast$3(OCoLC)fst01095004 608 $aPeriodical 608 $aPeriodicals.$2fast 608 $aPeriodicals.$2lcgft 610 $aGynecology & Obstetrics 615 0$aReproductive health 615 12$aReproductive Physiological Phenomena 615 22$aReproductive Techniques 615 7$aReproductive health. 712 02$aTaehan Saengsik ?ihakhoe. 712 02$aTaehan Pojo Saengsik Hakhoe. 906 $aJOURNAL 912 $a996203070503316 996 $aClinical and experimental reproductive medicine$92091757 997 $aUNISA